Past Tense of Verbs - Statistics

General Stats
  • This quiz has been taken 86 times
    83 since last reset
  • The average score is 93 of 110
Answer Stats
Hint Answer % Correct
Arrive Arrived
97%
Cheer Cheered
94%
Choose Chose
94%
Clean Cleaned
94%
Dance Danced
94%
Decide Decided
94%
Do Did
94%
End Ended
94%
Eat Ate
91%
Break Broke
91%
Bring Brought
91%
Brush Brushed
91%
Call Called
91%
Come Came
91%
Carry Carried
91%
Check Checked
91%
Cook Cooked
91%
Discover Discovered
91%
Drive Drove
91%
Enjoy Enjoyed
91%
Have Had
91%
Go Went
91%
Begin Began
88%
Buy Bought
88%
Build Built
88%
Drink Drank
88%
Fall Fell
88%
Feel Felt
88%
Finish Finished
88%
Follow Followed
88%
Forget Forgot
88%
Find Found
88%
Give Gave
88%
Get Got
88%
Help Helped
88%
Invite Invited
88%
Keep Kept
88%
Know Knew
88%
Like Liked
88%
Live Lived
88%
Look Looked
88%
Lose Lost
88%
Fight Fought
85%
Grab Grabbed
85%
Greet Greeted
85%
Hold Held
85%
Hike Hiked
85%
Hit Hit
85%
Leave Left
85%
Listen Listened
85%
Love Loved
85%
Make Made
85%
Meet Met
85%
Open Opened
85%
Pack Packed
85%
Stop Stopped
85%
Throw Threw
85%
Understand Understood
85%
Be Was
85%
Write Wrote
85%
Fly Flew
82%
Hang Hung
82%
Play Played
82%
Run Ran
82%
Remember Remembered
82%
Say Said
82%
Save Saved
82%
See Saw
82%
Share Shared
82%
Spend Spent
82%
Speak Spoke
82%
Start Started
82%
Stay Stayed
82%
Store Stored
82%
Swim Swam
82%
Talk Talked
82%
Think Thought
82%
Take Took
82%
Turn Turned
82%
Use Used
82%
Walk Walked
82%
Want Wanted
82%
Watch Watched
82%
Wake Woke
82%
Work Worked
82%
Hear Heard
79%
Learn Learnt
79%
Read Read
79%
Sing Sang
79%
Sit Sat
79%
Scream Screamed
79%
Send Sent
79%
Sleep Slept
79%
Study Studied
79%
Try Tried
79%
Visit Visited
79%
Win Won
79%
Catch Caught
76%
Pick Picked
76%
Practice Practiced
76%
Prepare Prepared
76%
Put Put
76%
Ring Rang
76%
Sell Sold
76%
Tell Told
76%
Wear Wore
76%
Pay Paid
74%
Teach Taught
74%
Travel Traveled
74%
Be Were
74%
No matching quizzes found
Score Distribution
Percent of People with Each Score
Percentile by Number Answered
Your Score History
You have not taken this quiz since the last reset